000
00225 a2200097 4500
001
22739
100
_a
Houghton, E L
245
_a
Aerodynamics for Engineering Students
260
_a
_b
Edward Arnold
_c
090
_c
15374
_d
15374
942
_a
NUST-CAE
_c
M
_c
5974
999
_c
257812
_d
257812